Sports Quiz

Random Sports or NFL Quiz

Florida Big 4 Teams Quiz Stats

 Plays Quiz Updated Dec 6, 2018

Support Sporcle.
Go Orange.
Score 0/9 Timer 01:00
1 Play Today
League Team % Correct
NFLMiami Dolphins
97.6%
NBAMiami Heat
96.9%
MLBMiami Marlins
92.2%
NFLTampa Bay Buccaneers
90.2%
NBAOrlando Magic
88.3%
NFLJacksonville Jaguars
87.7%
MLBTampa Bay Rays
86.1%
NHLFlorida Panthers
76%
NHLTampa Bay Lightning
74.2%

From the Vault

Rhymes With 'Age'

by Scuadrado

Language 60s
This is a quiz for the ages.
Remove Ads.
Support Sporcle.
Get the best of Sporcle when you Go Orange. This ad-free experience offers more features, more stats, and more fun while also helping to support Sporcle. Thank you for becoming a member.

Show Comments

Extras

Top Quizzes Today


Score Distribution

Your Account Isn't Verified!

In order to create a playlist on Sporcle, you need to verify the email address you used during registration. Go to your Sporcle Settings to finish the process.

Report this User

Report this user for behavior that violates our Community Guidelines.

Details: